Holzwege
Saved in:
| Main Author: | |
|---|---|
| Format: | Book |
| Language: | German |
| Published: |
Frankfurt am Main :
Vittorio Klostermann,
[1963]
|
| Edition: | 4η έκδ. |
| Subjects: | |
| Tags: |
Add Tag
No Tags, Be the first to tag this record!
|
MARC
| LEADER | 00000cam a2200000 i 4500 | ||
|---|---|---|---|
| 001 | 1/31077 | ||
| 008 | 060620s1963 ger d | ||
| 035 | |l 10084313 | ||
| 040 | |a GR-MY-UA |b gre |e aacr | ||
| 041 | 0 | |a ger | |
| 082 | 0 | |a 193 |2 (22) | |
| 100 | 1 | |a Heidegger, Martin, |d 1889-1976. | |
| 245 | 1 | 0 | |a Holzwege / |c Martin Heidegger |
| 250 | |a 4η έκδ. | ||
| 260 | |a Frankfurt am Main : |b Vittorio Klostermann, |c [1963] | ||
| 300 | |a 345 σ.; |c 21 εκ. | ||
| 600 | 1 | 0 | |a Heidegger, Martin, |d 1889-1976. |
| 650 | 0 | 0 | |a Philosophy, German. |
| 852 | |a INST |b RHODES |c KRI |e 20060620 |h 193 HEI |p 005400024868 |q 005400024868 |t BK |y 0 | ||
| 901 | |a BIBL4-2006-2 | ||
| 909 | |a Ρ |b 123808 | ||
| 970 | |a ΚΟΖΑ |b ΜΑΡΙΑ |z 2006/06/14 | ||